| 000 | 00430nam a22001817a 4500 | ||
|---|---|---|---|
| 003 | MPLRDC | ||
| 005 | 20220104162920.0 | ||
| 008 | 210129b ||||| |||| 00| 0 eng d | ||
| 020 | _a0-273-02755-7 | ||
| 082 | _a805.179 GAR 1981 | ||
| 100 | _aL. GARTSIDE | ||
| 245 |
_aMODEL BUSINESS LETTERS _c |
||
| 250 | _a第三版 | ||
| 260 |
_a _bPITMAN PUBLISHING _c1981 |
||
| 300 | _b平 | ||
| 650 | _a | ||
| 942 |
_cBK _o805.179 GAR 1981 |
||
| 999 |
_c56215 _d56205 |
||